Upgrading and repairing PCs : video disc

Bibliographic Details
Main Author: Mueller, Scott
Format: Book
Published: Indianapolis : Que corporations , 2007
Edition:18th ed.
Subjects:

MARC

LEADER 00000cam a2200000 7i4500
001 0000022656
005 20100309.0
020 |a 9780789736970 ,   |c RM244.10 
040 |a INS 
090 0 0 |a CD 422 
100 1 |a Mueller, Scott 
245 1 0 |a Upgrading and repairing PCs :   |b video disc   |c Scott Mueller 
250 |a 18th ed. 
260 |a Indianapolis :   |b Que corporations ,   |c 2007 
300 |a 1 videodisc (1 hours) :   |b sd., col. ;   |c 4 3/4 in. 
650 0 0 |a Personel computer   |x Maintenance 
650 0 0 |a Personel computer   |x Upgrading 
999 |a CD00000422   |b VIDEO CD   |c Media Collection   |e Default branch